| 000 | 00647nam a2200181Ia 4500 | ||
|---|---|---|---|
| 008 | 100920s9999 xx 000 0 und d | ||
| 082 |
_b101849 _a410 न 08 |
||
| 100 | _aभोळे भास्कर लक्ष्मण. | ||
| 245 | _aसंशोधनाची िक्षतिजे. | ||
| 260 |
_bसाकेत प्रकाशन,औरंगाबाद. _c2008 |
||
| 300 |
_a320 _bसाधी |
||
| 365 | _b280 | ||
| 520 | _aभाषा. | ||
| 630 | _aसंशोधनाची िक्षतिजे. | ||
| 650 | _aभाषा. | ||
| 730 | _aसंशोधनाची िक्षतिजे. | ||
| 942 | _cBOOK | ||
| 999 |
_c742282 _d742279 |
||